VI Censo Nacional Agropecuario: atlas estadístico agropecuario
Guardat en:
| Format: | Llibre |
|---|---|
| Idioma: | Spanish |
| Etiquetes: |
Afegir etiqueta
Sense etiquetes, Sigues el primer a etiquetar aquest registre!
|
MARC
| LEADER | 00000nam a22000007a 4500 | ||
|---|---|---|---|
| 003 | cru CIDCACS/IIS | ||
| 005 | 20180315145045.0 | ||
| 007 | ta | ||
| 008 | 180315s2015 cr |||||r|||||||| ||spa|d | ||
| 999 | |c 41146 |d 41146 | ||
| 020 | |a 9789930525067 | ||
| 040 | |c cru CIDCACS/IIS | ||
| 090 | |a 07.05.01 CR837c VI-2015 atlas | ||
| 245 | 1 | 3 | |a VI Censo Nacional Agropecuario: |b atlas estadístico agropecuario |
| 300 | |a 110 páginas: |b gráficos, mapas | ||
| 942 | |2 ddc |c LI | ||
| 773 | 0 | |0 41142 |9 1890 |a Costa Rica. |d San José, Costa Rica: INEC, 2015 |o 18417 |t VI Censo Nacional Agropecuario/ | |



